Zborník Pedagogickej fakulty UK v Trnave philologia 1. 1981

Uložené v:
Podrobná bibliografia
Médium: Kniha
Jazyk:Slovak
Vydavateľské údaje: Bratislava Slovenské pedagogické nakladateľstvo 1984
Tagy: Pridať tag
Žiadne tagy, Buďte prvý, kto otaguje tento záznam!

MARC

LEADER 00000nam a2200000 4500
001 c113767
005 20041019155156.7
041 0 |a slo 
044 |a SK 
245 1 0 |a Zborník Pedagogickej fakulty UK v Trnave  |b philologia 1. 1981 
264 1 |a Bratislava  |b Slovenské pedagogické nakladateľstvo  |c 1984 
300 |a 148 s.